LIBRARY & INFORMATION CENTRE, KCAET, TAVANUR

ONLINE PUBLIC ACCESS CATALOGUE (OPAC)

Admirable crichton / (Record no. 8002)

MARC details
000 -LEADER
fixed length control field 00409cam a2200169ua 4500
041 ## - LANGUAGE CODE
Language code of text/sound track or separate title eng
082 ## - DEWEY DECIMAL CLASSIFICATION NUMBER
Classification number 822
Item number BAR/AD
100 ## - MAIN ENTRY--AUTHOR NAME
Personal name Barrie, J M .
245 ## - TITLE STATEMENT
Title Admirable crichton /
250 ## - EDITION STATEMENT
Edition statement 1 /
260 ## - PUBLICATION, DISTRIBUTION, ETC. (IMPRINT)
Place of publication London :
Name of publisher University of London Press Ltd ,
Year of publication 1964.
300 ## - PHYSICAL DESCRIPTION
Number of Pages 142 ; .
942 ## - ADDED ENTRY ELEMENTS (KOHA)
Koha item type Books
Holdings
Withdrawn status Lost status Damaged status Home library Current library Date acquired Full call number Accession Number Koha item type
Withdrawn     KAUAET Sanskrit University 07/04/2012 822 BAR/AD 10118 Books
Withdrawn     KAUAET Sanskrit University 07/04/2012 822 BAR/AD 11665 Books
free website counter